|
|
|
|
| LEADER |
00825nab#a2200289#ar4500 |
| 001 |
000081921 |
| 003 |
SVKKK |
| 005 |
20061215153405.0 |
| 008 |
061215c2006 xo e slo |
| FMT |
|
|
|
| 038 |
|
|
|a SVKKK
|
| 040 |
|
|
|a SVKKK
|b slo
|e AACR2
|
| 041 |
0 |
|
|a slo
|
| 044 |
|
|
|a xo
|c SK
|
| 080 |
|
|
|a 628.477.6.037:061.5(437.6)
|2 1997
|
| 100 |
0 |
|
|a ra/do
|4 aut
|
| 245 |
1 |
0 |
|a Cieľ: šetriť pôvodné surovinové zdroje :
|b závod na zhodnocovanie opotrebovaných pneumatík spustili do prevádzky
|c [autor] ra/do
|
| 300 |
|
|
|b Fotogr.
|
| 610 |
2 |
4 |
|a V.O.D.S. (Kechnec, Slovensko)
|
| 650 |
0 |
4 |
|a pneumatiky opotrebované
|x zber
|x spracovanie
|x recyklácia
|
| 773 |
0 |
|
|t XXI. storočie
|x 1335-874X
|g Roč. 9, č. 1 (2006), s. 42-44
|
| 958 |
|
|
|a SK
|
| 992 |
|
|
|a RBX
|
| BAS |
|
|
|
| 852 |
|
|
|a SVKKK
|b BIB
|
| EXP |
|
|
|
| 998 |
|
|
|a GEO
|